Umění vyjednávat " 5 tipů od špičkových manažérek

Päť návrhov, ktoré môžu mladým ženám pomôcť prekonať neistotu a stať sa majsterkou vyjednávania.

Gespeichert in:
Bibliographische Detailangaben
Format: Buchkapitel
Sprache:Tschechisch
Schlagworte:
Tags: Tag hinzufügen
Keine Tags, Fügen Sie das erste Tag hinzu!

MARC

LEADER 00000naa a2200000 4500
001 0117537
005 20231113132251.9
041 0 |a cze 
044 |a CZ 
245 1 0 |a Umění vyjednávat " 5 tipů od špičkových manažérek 
520 |a Päť návrhov, ktoré môžu mladým ženám pomôcť prekonať neistotu a stať sa majsterkou vyjednávania. 
610 2 0 |a komunikácia interpersonálna 
610 2 0 |a vyjednávanie 
610 2 0 |a ženy 
610 2 0 |a manažéri